Pokémon Moves that Raise Attack - Statistics

General Stats
  • This quiz has been taken 59 times
  • The average score is 21 of 38
Answer Stats
Type Gen Introduced Associated Pokémon Move % Correct
Normal 1 Swords Dance
97%
Dragon 3 Dragon Dance
82%
Steel 5 Klinklang Shift Gear
79%
Steel 3 Metagross Meteor Mash
77%
Fighting 3 Bulk Up
74%
Dragon 8 Kommo-o Clangorous Soul
74%
Fighting 8 Falinks No Retreat
74%
Fighting 6 Power-Up Punch
74%
Ghost 4 Ominous Wind
72%
Bug 2 Silver Wind
72%
Rock 2 Ancient Power
69%
Normal 1 Porygon Sharpen
69%
Fighting 8 Lilligant Victory Dance
69%
Bug 4 Beedrill Fell Stinger
67%
Normal 9 Tandemaus Tidy Up
67%
Dragon 7 Kommo-o Clangorous Soulblaze
64%
Normal 7 Eevee Extreme Evoboost
62%
Normal 9 Veluza Fillet Away
62%
Normal 3 Howl
62%
Dragon 9 Dondozo Order Up
62%
Normal 5 Work Up
62%
Fairy 8 Alcremie Decorate
56%
Psychic 1 Meditate
56%
Steel 2 Metal Claw
51%
Normal 4 Acupressure
46%
Ghost 2 Curse
44%
Poison 5 Coil
41%
Steel 7 Klinklang Gear Up
41%
Normal 2 Belly Drum
36%
Fighting 8 Coaching
36%
Dark 5 Hone Claws
36%
Normal 1 Growth
33%
Normal 2 Swagger
33%
Normal 5 Shell Smash
31%
Fighting 8 Max Knuckle
28%
Ground 6 Rototiller
26%
Normal 1 Rage
21%
Grass 9 Spicy Extract
18%
No matching quizzes found
Score Distribution
Percent of People with Each Score
Percentile by Number Answered
Your Score History
You have not taken this quiz